Mikes Kelemen szülőházában

Elmentve itt :
Bibliográfiai részletek
Szerző: SZEKERES Attila
Adatforrás:Meister
Forrásdokumentuma:Művelődés. -
9 sz., 1997, 1-3 p.
Nyelv:magyar
Kulcsszavak:művelődéstörténet
kulturális intézmények
alapítványok (romániai magyar)
Zágon
MIKES Kelemen
DOMOKOS Géza
KELEMEN Hunor
HOPP Lajos
Mikes Alapítvány (Zágon)
Mikes Kelemen Művelődési Egyesület (MKME)
LEADER 00672nab a2200229 i 4500
001 bibPRO00001349
008 060524s1997 xx hun
040 |a Sz1 
041 |a hun 
100 1 |a SZEKERES Attila 
245 1 0 |a Mikes Kelemen szülőházában  |c SZEKERES Attila 
695 |a művelődéstörténet 
695 |a kulturális intézmények 
695 |a alapítványok (romániai magyar) 
695 |a Zágon 
695 |a MIKES Kelemen 
695 |a DOMOKOS Géza 
695 |a KELEMEN Hunor 
695 |a HOPP Lajos 
695 |a Mikes Alapítvány (Zágon) 
695 |a Mikes Kelemen Művelődési Egyesület (MKME) 
773 0 |t Művelődés. -  |g 9 sz., 1997, 1-3 p.